000 00620nam a2200229 i 4500
001 bg
100 1 _aDRAUS, Andrzej
245 1 0 _aLotus 1-2-3 :
_bwersja 3.0 /
_cAndrzej Draus.
260 _aWarszawa :
_bPLJ,
_c1991.
300 _a338, [1] s. ;
_c24 cm.
650 9 _aLotus
650 9 _aDos
655 _aPodręczniki
020 _a8385190236
040 _cBPK
041 0 _apl
080 _a004.42(07)Lotus
920 _a83-85190-23-6
942 _cKS
008 s pl f |000 0 pol
856 _uhttp://koha.tu.koszalin.pl/cgi-bin/koha/opac-detail.pl?biblionumber=37508
_yKatalog online BPK
999 _c37508
_d37508